000 00313pab a2200145 454500
008 180718b1986 xxu||||| |||| 00| 0 eng d
100 _aBhattacharya, A.C.
245 _aMoney and motivation
260 _c1986
300 _a11-16
362 _aJan.
650 _aMoney
773 _aLok Udyog
909 _a13653
999 _c13653
_d13653